Introduction to archaeology (Record no. 394620)

MARC details
000 -LEADER
fixed length control field 00499 a2200193 4500
005 - DATE & TIME
control field 20260128103507.0
008 - FIXED-LENGTH DATA ELEMENTS--GENERAL INFORMATION
fixed length control field 260127b |||||||| |||| 00| 0 eng d
020 ## - ISBN
International Standard Book Number 9788119255399
Price Rs. 1500.00
040 ## - CATALOGING SOURCE
Original cataloging agency VIVEKANANDA LIBRARY
082 ## - DDC NUMBER
Classification number 930.1
Book Number T155I
100 ## - MAIN ENTRY--PERSONAL NAME
Personal name Tandle, Sanjeevkumar T
245 ## - TITLE STATEMENT
Title Introduction to archaeology
260 ## - PUBLICATION, DISTRIBUTION, ETC. (IMPRINT)
Name of publisher, distributor, etc Current Publications
Date of publication, distribution, etc 2023
Place of publication, distribution, etc Agra
300 ## - PHYSICAL DESCRIPTION
Pages 264
650 ## - Subject
Subject History
650 ## - Subject
Subject Archaeology
650 ## - Subject
Subject History-Ancient World
942 ## - ADDED ENTRY ELEMENTS (KOHA)
Koha item type Books
Holdings
Withdrawn status Lost status Source of classification or shelving scheme Damaged status Not for loan Location (home branch) Sublocation or collection (holding branch) Shelving location Date acquired Koha issues (times borrowed) Koha full call number Accession No. Koha date last seen Koha item type
    Dewey Decimal Classification     VIVEKANANDA LIBRARY VIVEKANANDA LIBRARY Vivekananda Library 17/12/2025   930.1 T155I 443714 17/12/2025 Books
© Designed and Maintained by Vivekananda Library, MDU Rohtak